Cesta Slovenska do NATO

Enregistré dans:
Détails bibliographiques
Auteur principal: Čurda, Jiří
Autres auteurs: Zatlkaj, Pavol
Format: Livre
Langue:slovaque
Publié: Bratislava VEDA 2003
Sujets:
Tags: Ajouter un tag
Pas de tags, Soyez le premier à ajouter un tag!

MARC

LEADER 00000nam$a2200000$$$4500
001 0002377
005 20221207102546.4
020 |a 80-224-0773-9 
041 0 |a slo 
044 |a SK 
245 1 0 |a Cesta Slovenska do NATO  |c Jiří Čurda, Pavol Zatlkaj 
264 1 |a Bratislava  |b VEDA  |c 2003 
300 |a 156 s. 
610 2 0 |a aliancie strategické 
610 2 0 |a Slovensko 
610 2 0 |a integrácia 
610 2 0 |a sily ozbrojené 
610 2 0 |a spolupráca medzinárodná 
610 2 0 |a NATO 
100 1 |a Čurda, Jiří 
700 1 |a Zatlkaj, Pavol